000 00904nac a22002411u 4500
010 _a 77023901
020 _a0387072063
022 _a3540072063
082 0 0 _a616.07561
_bB4642
090 _c3425
_d3425
100 _aBessis, Marcel,
245 1 0 _aBlood smears reinterpreted /
_cMarcel Bessis ; translated by George Brecher.
260 _a[New York] :
_bSpringer International,
_c1977.
300 _axvi, 270 p. :
_bill. ;
_c25 cm.
500 _aTranslation of ReÌ?interpreÌ?tation des frottis sanguins.
500 _aDonations.
500 _aDonations - Bibliotheca Alexandrina.
504 _aIncludes bibliographical references and index.
650 0 _aBlood
_xExamination.
700 _aBrecher, George.
942 _cBB
_k616.07561B4642
999 _c3425
_d3425